Responses for Show #597 - Tuesday, March 24, 1987

John Podhoretz game 4.

Contestants

[<< previous game]

Craig Heyamoto, an attorney from Seattle, Washington

Susan Newburger, a teacher from Kansas City, Missouri

John Podhoretz, a writer from Washington, D.C. (whose 3-day cash winnings total $23,200)

[next game >>]

Jeopardy! Round responses

WEIGHTS & MEASURES
TELEVISION
PRESIDENTIAL QUOTES
FAIRY TALES
SOCCER
LUNCH COUNTER LINGO
    $100 13
a foot

Susan
    $100 6
Eliot Ness

Craig
    $100 1
(Craig: Who is President Reagan?)

Gerald Ford

JohnCraig
    $100 23
(Alex: We've got less than a minute to go.)

the emperor

Susan
    $100 7
a moat

Susan
    $100 10
an ice cream scoop

Susan
    $200 14
cotton

Craig
    $200 8
news

Craig
    $200 2
John F. Kennedy

John
    $200 24
Sleeping Beauty

Susan
    $200 9
(Susan: What are shin guards?)

helmets

JohnSusan
    $200 11
raisins

John
    $300 15
(Craig: What is 3/4?)
(John: What is 1/2?)
...
(Alex: 18 karat gold is 3/4 gold and [*] alloy.)

1/4

JohnSusanCraig
    $300 12
The Waltons

Craig
    $300 3
the least

Susan
    $300 25
Rumpelstiltskin

John
    $300 18
the Cosmos

John
    $300 19
ham

Susan
    $400 16
a dram

Susan
    $400 21
basketball

John
    $200 4
Abraham Lincoln at Gettysburg

Susan
    $400 26
a harp

Susan
    $400 20
on the house

Triple Stumper
    $500 17
wood

Craig
    $500 22
Texaco

John
    $500 5
Lyndon Baines Johnson

Triple Stumper
    $500 27
(Susan: What is Snow White?)

Cinderella

Susan
Triple Stumper
    $500 28
[The end-of-round signal sounds.]

dead

Triple Stumper

Scores at the first commercial break (after clue 11):

John Susan Craig
$700 $500 $200

Scores at the end of the Jeopardy! Round:

John Susan Craig
$1,900 $1,800 $900

Double Jeopardy! Round responses

CATS
COSMETICS
1971
DRAMA
PHOENIX
"DO"s & "DON'T"s
    $200 7
Asia

Susan
    $200 19
perfume

Susan
    $200 2
on the Moon

Susan
    $200 10
Cyrano de Bergerac

Susan
    $200 1
fire trucks

John
    $200 21
Don't tread on me

Craig
    $400 8
(Craig: Uh, what is spots?)

stripes

Craig
Triple Stumper
    $400 20
(1 of) the Food & Drug Administration (or the FTC)

John
    $500 3
(Susan: I can see him, but I cannot think of his name.)
(Alex: [Gyrating] You can see him, his shirt is open... and he performs in Las Vegas and his name is Tom--)
(Susan: Jones.)

Tom Jones

Susan
    $400 11
melodrama

John
    $400 13
Tempe

Craig
    $400 23
(Alex: We've got a minute to go.)

"Do You Wanna Dance?"

John
    $600 9
the jaguar

John
    $600 26
Dr. Christiaan Barnard

John
    $600 4
U Thant

Craig
    $600 12
(Craig: What are Sisters?)
(Alex: Be more specific.)

Three Sisters

Craig
    $600 14
Phoenicians

John
    $600 24
Mr. Do Bee & Mr. Don't Bee

Susan
    $800 17
the Abyssinian

Triple Stumper
    $800 27
(John: What is kohl?)

henna

JohnSusan
    $800 5
Sonny Liston

John
    $800 15
marry him

John
    $800 29
[The end-of-round signal sounds.]

Camelback Mountain

Triple Stumper
    $800 25
where do I begin

Triple Stumper
    $1000 18
the cat fancy (cat fanciers)

Triple Stumper
    $1000 28
an insect

Triple Stumper
    $1000 6
(Willy) Brandt

Susan
    $1000 16
(William) Inge

Susan
    $2,000 22
damned if you do, damned if you don't

Craig

Scores at the end of the Double Jeopardy! Round:

John Susan Craig
$5,900 $5,500 $4,300

[wagering suggestions for these scores]

Final Jeopardy! Round responses

THE U.N.
CraigWhat is Japan?
$4,200
SusanWhat is Canada?
$5,400
JohnWhat is [?] Japan?
$5,200
Japan

Final scores:

John Susan Craig
$11,100 $100 $8,500
4-day champion: $34,300 3rd place: Frigidaire washer & dryer 2nd place: trip to Palm Springs & stay at the Ingleside Inn + Solight luggage

Game dynamics:

Coryat scores:

John Susan Craig
$5,900 $6,200 $3,300
17 R,
2 W
19 R
(including 1 DD),
3 W
(including 1 DD)
10 R
(including 1 DD),
3 W

Combined Coryat: $15,400

[game clues] [game scores] [suggest correction]

Game tape date: 1986-12-02
The J! Archive is created by fans, for fans. Scraping, republication, monetization, and malicious use prohibited; this site may use cookies and collect identifying information. See terms. The Jeopardy! game show and all elements thereof, including but not limited to copyright and trademark thereto, are the property of Jeopardy Productions, Inc. and are protected under law. This website is not affiliated with, sponsored by, or operated by Jeopardy Productions, Inc. Join the discussion at JBoard.tv.